000 00758nam a2200217 i 4500
001 61282
003 ES-MaACL
005 20250902103425.0
007 t|
008 031111s1943 sp ||||1| spa d
100 1 _aEzquerra Abadía, Ramón,
_d1904-1994
_948475
245 1 4 _aLos españoles en el Far West /
_cpor Ramón Ezquerra Abadía.
260 _aMadrid :
_bS. Aguirre, Imp.,
_c1943.
300 _a32 p. ;
_c25 cm.
490 1 _aPublicaciones de la Real Sociedad Geográfica. Serie B ;
_v129
650 4 _aEspañoles-
_xEstados Unidos.
_912473
710 2 _aReal Sociedad Geográfica
_96403
830 1 _aPublicaciones de la Real Sociedad Geográfica. Serie B ;
_v129
_9182685
852 _aES-MaACL
_j1843-F-5
999 _c61282
_d61282